Statistics for Russian Borders

Click here to take the quiz!

General Stats

  • This quiz has been taken 115 times
  • The average score is 13 of 14

Answer Stats

Length (KM)Answer% Correct
4,209.3China
99%
3,485Mongolia
98%
1,925.8Ukraine
97%
7,512.8Kazakhstan
96%
1,271.8074829Finland
95%
294.666666Estonia
94%
1,239Belarus
92%
266Lithuania
92%
17North Korea
91%
270.5111Latvia
89%
875.5Georgia
88%
204.18888Poland
86%
372.6Azerbaijan
84%
195.7Norway
81%

Score Distribution

Percentile by Number Answered

Percent of People with Each Score

Your Score History

You have not taken this quiz